000 00825nam a2200205Ia 4500
003 IN-BaIIA
008 211028s9999 xx s 000 0 eng d
020 _a978-0-521-19741-0 (Print)
022 _a1743-9213 (Print)
022 _a1743-9221 (Online)
040 _cIIA Library
100 _aBonanno, A., ed.
_940579
245 0 _aAdvances in Plasma Astrophysics
_h[eBook]
260 _aCambridge
_bCambridge University Press
_c2011
300 _aOnline resource
490 _aIAU Symposium; no. 274
700 _aKosovichev, Alexander, ed.
_940580
856 _uhttps://www.cambridge.org/core/journals/proceedings-of-the-international-astronomical-union/issue/2FBAC61734FC9E1BED315511FF8F945E
_yClick Here to Access eBook
942 _cEB
999 _c21984
_d21984